000 00274nam a2200121Ia 4500
100 _aHolub/Allen I
942 _cBK
654 _aComplier Design
245 _aCompiler Design In C
260 _bPrentice Hall of India
_aNEW DELHI
_c1993
300 _a924
546 _aENGLISH
999 _c34409
_d34409